Paroles - Zaz - Eblouie par la nuit - Statistiques

Statistiques générales
  • Ce quiz a été pris 597 fois
  • Le résultat moyen est 125 sur 161
Statistiques - réponses
Réponse % Correct
à
100%
à
100%
A
100%
nuit
100%
de
99%
De
99%
Éblouie
99%
la
99%
par
99%
coup
98%
lumière
98%
les
96%
Les
96%
mort
96%
mortelle
96%
et
92%
en
91%
ce
90%
dans
89%
des
89%
es
89%
Si
89%
Tu
89%
blanc
85%
noir
85%
rues
85%
venu
84%
sifflant
83%
ans
82%
attendu
82%
cent
82%
comme
76%
tête
76%
bagnoles
75%
J't'ai
75%
j't'ai
75%
ai
73%
au
72%
yeux
72%
d'épingle
71%
têtes
69%
aimé
66%
vie
63%
il
62%
même
59%
frôler
58%
ne
58%
que
58%
rien
57%
passer
55%
pire
55%
matin
54%
ou
54%
ta
54%
juste
53%
regarder
53%
reste
53%
petit
52%
presque
52%
canettes
51%
nuits
51%
navire
50%
avec
49%
bout
49%
j'en
49%
nos
49%
perdu
49%
Un
49%
cendres
48%
qu'un
48%
aussi
47%
Européen
47%
mon
47%
station
47%
aimer
46%
fumette
45%
prochaine
45%
shooter
44%
tes
44%
coeur
43%
faut-il
41%
métro
39%
rempli
38%
tour
37%
dessous
36%
vertiges
36%
dernier
35%
main
34%
paumée
33%
piste
33%
mets
27%
descends
23%
Aucun quiz correspondant
Distribution des résultats
% des personnes avec chaque résultat
Percentile par nombre de réponses
Votre historique - résultats
Vous n’avez pas pris ce quiz